Novely daňového poriadku s účinnosťou od roku 2019, 2020 a 2021
Rozsiahla novela daňového poriadku zameraná predovšetkým na zníženie administratívnej záťaže daňového subjektu pri správe daní, zefektívnenie výberu daní a legislatívne úpravy ustanovení daňového poriadku. Štyri novely daňového poriadku. Komentár k ustanoveniam, ktoré boli predmetom legislatívnej ú...
Uložené v:
| Hlavný autor: | |
|---|---|
| Médium: | Kapitola |
| Jazyk: | Slovak |
| Predmet: | |
| Tagy: |
Žiadne tagy, Buďte prvý, kto otaguje tento záznam!
|
MARC
| LEADER | 00000naa a2200000 4500 | ||
|---|---|---|---|
| 001 | 0265106 | ||
| 005 | 20200630141011.7 | ||
| 041 | 0 | |a slo | |
| 044 | |a SK | ||
| 245 | 1 | 0 | |a Novely daňového poriadku s účinnosťou od roku 2019, 2020 a 2021 |c Božena Jurčíková |
| 520 | |a Rozsiahla novela daňového poriadku zameraná predovšetkým na zníženie administratívnej záťaže daňového subjektu pri správe daní, zefektívnenie výberu daní a legislatívne úpravy ustanovení daňového poriadku. Štyri novely daňového poriadku. Komentár k ustanoveniam, ktoré boli predmetom legislatívnej úpravy (tretej) novely. | ||
| 610 | 2 | 0 | |a poriadok daňový |
| 610 | 2 | 0 | |a správa daňová |
| 610 | 2 | 0 | |a legislatíva |
| 610 | 2 | 0 | |a novelizácia |
| 610 | 2 | 0 | |a zákonník obchodný |
| 100 | 1 | |a Jurčíková, Božena | |